000 00587nam a22001697a 4500
003 NUST
038 _aNusrat Nadeem
082 _a200
100 _aAnwar, Mah Rukh
_9125923
245 _aIntegration of Assistive Technology in Existing Syllabus for Kids with Special Needs/
_cMah Rukh Anwar,
264 _aIslamabad;
_bSEECS NUST;
_c2024.
300 _a92,p;
_bill;
_c30,cm.
650 _aMS-Innovative Technologies in Learning (MS-ITL)
_9125917
700 _aSupervisor: Dr. Tahira Anwar Lashari
_996746
856 _u//10.250.8.41:8080/xmlui/handle/123456789/46485
942 _2ddc
_cSC
999 _c611588
_d611588